First Course in Computers 2003 (Record no. 4537)

MARC details
000 -LEADER
fixed length control field 00325nam a2200133Ia 4500
008 - FIXED-LENGTH DATA ELEMENTS--GENERAL INFORMATION
fixed length control field 191201s2009 xx 000 0 und d
100 ## - MAIN ENTRY--PERSONAL NAME
Personal name SAXENA, Sanjay
245 #0 - TITLE STATEMENT
Title First Course in Computers 2003
250 ## - EDITION STATEMENT
Edition statement Rep
260 ## - PUBLICATION, DISTRIBUTION, ETC. (IMPRINT)
Place of publication, distribution, etc N. Delhi
Name of publisher, distributor, etc Vikas Publication House
Date of publication, distribution, etc 2009
300 ## - PHYSICAL DESCRIPTION
Extent MISC
650 ## - SUBJECT ADDED ENTRY--TOPICAL TERM
Topical term or geographic name as entry element BBA
942 ## - ADDED ENTRY ELEMENTS (KOHA)
Source of classification or shelving scheme Dewey Decimal Classification
Koha item type Text Books
Holdings
Withdrawn status Lost status Source of classification or shelving scheme Damaged status Not for loan Collection code Home library Current library Date acquired Source of acquisition Cost, normal purchase price Bill Number Total Checkouts Full call number Acc. no. / Barcode Date last seen Date last borrowed Bill Date Koha item type Checked out
    Dewey Decimal Classification     BBA PIET C-LIBRARY PIET C-LIBRARY 16/06/2010 The book company 275.00 IN-1486 2 004 SAF 15525 04/04/2022 14/02/2022 07/06/2010 Text Books  
    Dewey Decimal Classification     BBA PIET C-LIBRARY PIET C-LIBRARY 16/06/2010 The book company 275.00 IN-1486 1   15526 26/10/2020 26/10/2020 07/06/2010 Text Books 09/11/2020
    Dewey Decimal Classification     BBA PIET C-LIBRARY PIET C-LIBRARY 16/06/2010 The book company 275.00 IN-1486 1   15527 27/01/2021 27/01/2021 07/06/2010 Text Books 26/07/2021
    Dewey Decimal Classification     BBA PIET C-LIBRARY PIET C-LIBRARY 16/06/2010 The book company 275.00 IN-1486 1 004 SAF 15528 07/11/2022 03/11/2022 07/06/2010 Text Books  

Design & Developed by: PIET Central Library
R70 Miles Stone Pattikalyana Samalkha Panipat 132102
mail ID :- [email protected], Phone No:- 0180-2569700 Ex.216